Responses for show #8117 - Tuesday, December 17, 2019

Contestants

Dagmar Klein, a systems specialist from Rockville, Maryland

Rodolfo Yuichiro Bedoy, an IT project manager from New York, New York

Kirby Copelin, a data analyst from Cincinnati, Ohio (whose 1-day cash winnings total $34,401)

Jeopardy! Round responses

CONTEMPORARY REVIEWS OF CHILDREN'S BOOKS
6-LETTER WORDS
THE JEOPARDY! SCHOOL OF ENLIGHTENMENT
NEW MILLENNIUM TV
BATTLE LOSERS
INTERNATIONAL YULETIDE
    $200 30
The Hobbit

Rodolfo
    $200 22
quiche

Dagmar
    $200 17
infinity

Dagmar
    $200 25
(Kirby: What is The Voice?)

American Idol

Kirby
Triple Stumper
    $200 12
(Kirby: What is England?)

France

KirbyDagmar
    $200 23
chicken

Rodolfo
    $400 29
Charlotte's Web

Rodolfo
    $400 4
a quorum

Dagmar
    $400 18
mercy

Dagmar
    $400 24
Big Little Lies

Rodolfo
    $400 11
(Robert E.) Lee

Rodolfo
    $400 8
a log

Rodolfo
    $600 27
Goodnight Moon

Kirby
    $600 6
fester

Kirby
    $600 19
sage

Rodolfo
    $600 16
S.W.A.T.

Triple Stumper
    $600 9
the Persian Empire

Rodolfo
    $600 5
tamales

Rodolfo
    $3,000 26
The Little Prince

Rodolfo
    $800 7
a jungle

Dagmar
    $800 20
(Kirby: What is Confucianism?)

Taoism

KirbyDagmar
    $800 3
Community

Rodolfo
    $800 1
(Antonio de) Santa Anna

Triple Stumper
    $800 14
a cracker

Kirby
    $1000 28
Pooh Corner

Triple Stumper
    $1000 13
a nuance

Dagmar
    $1000 21
illumination

Dagmar
    $1000 2
Breaking Bad

Kirby
    $1000 10
(Dagmar: Who are the Stuarts?)
(Kirby: Who are the Lancasters?)
...
(Kirby: The other one.)

the York

KirbyDagmar
Triple Stumper
    $1000 15
Boxing Day

Rodolfo

Scores at the first commercial break (after clue 15):

Kirby Rodolfo Dagmar
$1,200 $3,800 $1,400

Scores at the end of the Jeopardy! Round:

Kirby Rodolfo Dagmar
$800 $8,600 $4,000

Double Jeopardy! Round responses

LIQUOR IS QUICKER
EARTH SCIENCE
TONY AWARD WINNERS
FINAL RESTING PLACES
ASIA
"ACK"!
    $400 21
Scotland

Dagmar
    $400 19
shearing

Kirby
    $400 10
Death of a Salesman

Rodolfo
    $400 26
(Alex: Less than a minute to go now, Dagmar.)

Napoleon Bonaparte

Triple Stumper
    $400 23
the steppe

Dagmar
    $400 24
a haystack

Kirby
    $800 20
a greyhound

Kirby
    $800 17
a glacier

Rodolfo
    $800 28
Angels in America

Dagmar
    $6,000 22
Florence

Dagmar
    $800 7
(Kirby: Uh, what is the Bosphorus Strait?)

the Dardanelles

KirbyRodolfo
    $800 15
aback

Rodolfo
    $1200 3
Curacao

Dagmar
    $1200 11
mantle

Rodolfo
    $1200 27
Lafayette

Rodolfo
    $1200 5
Sylvia Plath

Triple Stumper
    $1200 4
Bollywood

Kirby
    $1200 14
backhanded

Dagmar
    $1600 8
amaretto

Kirby
    $1600 12
currents

Dagmar
    $3,000 29
(Dagmar: Who is... I got nothing. Sorry.)
...
[The end-of-round signal sounds.]

Cynthia Nixon

Dagmar
    $1600 6
Huey Long

Triple Stumper
    $1600 2
Gobi

Rodolfo
    $1600 13
(Rodolfo: What are Smacks?)

Apple Jacks

Rodolfo
Triple Stumper
    $2000 9
[NOTE: Alex said it as "White Lightning".]

White Lightnin'

Triple Stumper
    $2000 18
fissures

Rodolfo
    $2000 25
(Rodolfo: Who is Freud?)

(Carl) Jung

RodolfoDagmar
    $2000 1
Phnom Penh

Dagmar
    $2000 16
a rack & pinion

Triple Stumper

Scores at the end of the Double Jeopardy! Round:

Kirby Rodolfo Dagmar
$4,400 $13,800 $16,600

[wagering suggestions for these scores]

Final Jeopardy! Round responses

MILESTONES IN U.S. HISTORY
KirbyWhat is voted?
$0
RodolfoWhat is become the first woman voter?
$4,999
DagmarWhat is become elected
$11,111
voted

Final scores:

Kirby Rodolfo Dagmar
$4,400 $18,799 $5,489
3rd place: $1,000 New champion: $18,799 2nd place: $2,000

Game dynamics:

Coryat scores:

Kirby Rodolfo Dagmar
$4,400 $11,600 $14,400
9 R,
5 W
20 R
(including 1 DD),
2 W
18 R
(including 1 DD),
2 W
(including 1 DD)

Combined Coryat: $30,400

The J! Archive is created by fans, for fans. The Jeopardy! game show and all elements thereof, including but not limited to copyright and trademark thereto, are the property of Jeopardy Productions, Inc. and are protected under law. This website is not affiliated with, sponsored by, or operated by Jeopardy Productions, Inc. Join the discussion at JBoard.tv.